Faculty of Law Library — Cairo University

Official Online Catalog

Diritto internazionale pubblico / (Record no. 45262)

MARC details
000 -LEADER
fixed length control field 00944nam a2200289 4500
003 - CONTROL NUMBER IDENTIFIER
control field EG-GICUC
005 - DATE AND TIME OF LATEST TRANSACTION
control field 20260121101330.0
008 - FIXED-LENGTH DATA ELEMENTS--GENERAL INFORMATION
fixed length control field 251122s1949 it ||||| |||| 001 0 IT d
040 ## - CATALOGING SOURCE
Original cataloging agency EG-GiCUC
Language of cataloging ita
Transcribing agency EG-GiCUC
Modifying agency EG-GiCUC
Description conventions Rda
082 04 - DEWEY DECIMAL CLASSIFICATION NUMBER
Edition number 21
Classification number 341.1
Item number Q U . D
092 04 - LOCALLY ASSIGNED DEWEY CALL NUMBER (OCLC)
Edition number 21
099 ## - LOCAL FREE-TEXT CALL NUMBER (OCLC)
Classification number Law1 11 341.1 Q U . D 1949
100 1# - MAIN ENTRY--PERSONAL NAME
Personal name Quadri, Rolando
Relator term Author.
245 10 - TITLE STATEMENT
Title Diritto internazionale pubblico /
Statement of responsibility, etc. Rolando Quadri.
264 ## - PRODUCTION, PUBLICATION, DISTRIBUTION, MANUFACTURE, AND COPYRIGHT NOTICE
Place of production, publication, distribution, manufacture Palermo :
Name of producer, publisher, distributor, manufacturer G. Priulla,
Date of production, publication, distribution, manufacture, or copyright notice 1949.
300 ## - PHYSICAL DESCRIPTION
Extent 503 page ;
Dimensions 24 cm.
336 ## - CONTENT TYPE
Source rda contenu
Content type term texte
337 ## - MEDIA TYPE
Source rda medias
Media type term Ordinateur
338 ## - CARRIER TYPE
Source transporteur rda
Carrier type term Ressource en ligne
504 ## - BIBLIOGRAPHY, ETC. NOTE
Bibliography, etc. note Includes bibliographical references (pages 17-19) and index.
546 ## - LANGUAGE NOTE
Language note Text in Italian
650 1# - SUBJECT ADDED ENTRY--TOPICAL TERM
Topical term or geographic name entry element Diritto internazionale pubblico /
Source of heading or term qrmak
651 1# - SUBJECT ADDED ENTRY--GEOGRAPHIC NAME
Source of heading or term qrmak
856 40 - ELECTRONIC LOCATION AND ACCESS
Uniform Resource Identifier <a href="https://fll.law.cu.edu.eg/fulltext/bks/B11-06142.pdf">https://fll.law.cu.edu.eg/fulltext/bks/B11-06142.pdf</a>
905 ## - Cataloger and Reviser Names
Cataloger Name: Rawan khaled
Revisor Name: Yara
942 ## - ADDED ENTRY ELEMENTS (KOHA)
Source of classification or shelving scheme Dewey Decimal Classification
Suppress in OPAC No
Koha item type Books
Edition 21
Holdings
Withdrawn status Lost status Source of classification or shelving scheme Damaged status Not for loan Collection Home library Current library Date acquired Total checkouts Full call number Barcode Date last seen Copy number Price effective from Koha item type
    Dewey Decimal Classification   Not for loan القانون الدولي العام جــــامعة القــاهرة مكتبة كلية الحقوق - المبنى الرئيسي 22.11.2025   Law1 11 341.1 Q U . D 1949 1106142 C1 B11-06142 22.11.2025 1 22.11.2025 Books
    Dewey Decimal Classification     القانون الدولي العام جــــامعة القــاهرة مكتبة كلية الحقوق - المبنى الرئيسي 01.03.2026   Law1 11 341.1 Q U . D 1949 1107993 C2 B11-07993 01.03.2026 2 01.03.2026 Books
    Dewey Decimal Classification     القانون الدولي العام مكتبة كلية الحقوق - فـرع الشيخ زايد مكتبة كلية الحقوق - فـرع الشيخ زايد 04.04.2026   Law2 11 341.1 Q U . D 1949 1107990 C3 B11-07990 04.04.2026 3 04.04.2026 Books

© All rights reserved — Faculty of Law, Cairo University